Decisión 12 Programa sectorial de desarrollo de la industria automotriz

Gespeichert in:
Bibliographische Detailangaben
Körperschaft: Junta del Acuerdo de Cartagena
Format: Text
Veröffentlicht: Cartagena: s.e.
Tags: Tag hinzufügen
Keine Tags, Fügen Sie den ersten Tag hinzu!

MARC

LEADER 00000 a a2200000 04500
001 22549
003
040
090 |a 154100  
110 |a Junta del Acuerdo de Cartagena  
245 |a Decisión 12 Programa sectorial de desarrollo de la industria automotriz  
260 |a Cartagena:   |b s.e.  
300 |a 161 p.  
999 |c 14543  |d 14543